[Event "Commonwealth-ch"]
[Site "Mumbai"]
[Date "2004.01.13"]
[Round "4"]
[White "Sinha, Abhay Kumar"]
[Black "Lim, Yee Weng"]
[Result "0-1"]
[WhiteElo "1994"]
[BlackElo "2311"]
[PlyCount "65"]
[EventDate "2004.01.10"]
[EventType "swiss"]
[EventRounds "9"]
[EventCountry "IND"]
[SourceTitle "EXT 2006"]
[Source "ChessBase"]
[SourceDate "2005.11.24"]
[SourceVersion "1"]
[SourceVersionDate "2005.11.24"]
[SourceQuality "1"]

1. Nf3 f5 2. e3 Nf6 3. b3 d6 4. Bb2 e5 5. d3 g6 6. Be2 Bg7 7. Nbd2 Nc6 8. a3 a5 9. Rc1 0-0 10. 0-0 h6 11. e4 g5 12. exf5 Bxf5 13. h4 g4 14. Nh2 h5 15. g3 Nd4 16. f3 Nd5 17. Rf2 Ne3 18. Qe1 Ndxc2 19. Rxc2 Nxc2 20. Qc1 Nd4 21. Bxd4 exd4 22. fxg4 hxg4 23. Nxg4 Qd7 24. Nh2 Bh6 25. Kf1 Bg6 26. g4 Be3 27. Rxf8+ Rxf8+ 28. Ke1 Qe6 29. h5 Bxd3 30. Bxd3 Bxd2+ 31. Kxd2 Qe3+ 32. Kc2 Rf2+ 33. Kb1 0-1

[Event "Commonwealth-ch"]
[Site "Mumbai"]
[Date "2004.01.10"]
[Round "1"]
[White "Sinha, Abhay Kumar"]
[Black "Phillips, Roy Jean Noel"]
[Result "0-1"]
[WhiteElo "1994"]
[BlackElo "2207"]
[PlyCount "80"]
[EventDate "2004.01.10"]
[EventType "swiss"]
[EventRounds "9"]
[EventCountry "IND"]
[SourceTitle "EXT 2006"]
[Source "ChessBase"]
[SourceDate "2005.11.24"]
[SourceVersion "1"]
[SourceVersionDate "2005.11.24"]
[SourceQuality "1"]

1. Nf3 Nf6 2. g3 d5 3. d4 c6 4. Bg2 Bf5 5. Nbd2 h6 6. 0-0 e6 7. Ne5 Nbd7 8. f4 Be7 9. Ndf3 0-0 10. h3 Be4 11. c3 Qb6 12. Kh2 Rac8 13. g4 Nxe5 14. Nxe5 Bxg2 15. Kxg2 Bd6 16. g5 Bxe5 17. fxe5 Ne4 18. gxh6 f5 19. Rb1 Nxc3 20. bxc3 Qxb1 21. hxg7 Qe4+ 22. Kh2 Rf7 23. Bh6 Qh4 24. Qd2 Qh5 25. Rg1 Kh7 26. Rg2 Rg8 27. Bf4 Rfxg7 28. Rxg7+ Rxg7 29. e3 Qf3 30. Qc2 b6 31. Qd2 c5 32. Qc2 cxd4 33. cxd4 b5 34. h4 Rg4 35. Qc7+ Rg7 36. Qc2 Kg6 37. Bg5 Kh5 38. Qc8 Kg4 39. Qxe6 Qf2+ 40. Kh1 Kh3 0-1